00877nam a2200205Ia 4500001001000000003000500010008004100015010001100056040000900067100004000076245022600116260003200342300001100374502015800385650002900543650002300572650002900595650002000624700002700644Para_6026CHAP220125s1990 xx 000 0 und d a204781 cCHAP aLlanderal de la Peña, Leda Lorena aBiología, hábitos e identificación del barrenador pequeño de la semilla del aguacate (Conotrachelus persea Barber) en Ziracuarétiro, Michoacán /c por Leda Lorena Llanderal de la Peña y Homero Ortega Arreola aUruapan, Mich. :b el autor a102 h. aTesis (Ing. Agr. Esp. en Parasitología Agrícola) Universidad Michoacana de San Nicolás de Hidalgo. Facultad de Agrobiología "Presidente Juárez" aAguacate x Michoacán  aAguacate x plagas aConotrachelus aguacatae  aHeilipus lauri  aOrtega Arreola, Homero